000
00338nam a2200121 4500
008
b xx# fre u
040
_a
LB-BrCRDP
082
1
_a
796.07
_b
FAU
100
1
_a
Faure, Fabien
245
1
0
_a
50 activités de jeu dramatique en EPS
_c
Fabien Faure
942
_c
BK
999
_c
9824
_d
9824